| 000 | 00394cam a2200157ua 4500 | ||
|---|---|---|---|
| 003 | OSt | ||
| 008 | 241226b |||||||| |||| 00| 0 eng d | ||
| 020 | _a9788122427677 | ||
| 082 |
_a621.3192 _bROY/NE |
||
| 100 |
_aRoy, Choudhury. _96599 |
||
| 245 | _aNetworks and systems / | ||
| 250 | _a1 / 2 | ||
| 260 |
_aNew Delhi : _bNew Age International Ltd , _c1996. |
||
| 300 | _a926 ; . | ||
| 942 | _cBK | ||
| 999 |
_c1402 _d1402 |
||